Statistics for Top 10 Most Populated Pakistani Cities

Click here to take the quiz!

General Stats

  • This quiz has been taken 1,536 times
  • The average score is 7 of 10

Answer Stats

Province/TerritoyAnswer% Correct
SindhKarachi
98%
Capital TerritoryIslamabad
97%
PunjabLahore
95%
Khyber PakhtunkhwaPeshawar
70%
SindhHyderabad
63%
PunjabRawalpindi
61%
PunjabFaisalabad
60%
PunjabMultan
56%
PunjabGujranwala
40%
PunjabSialkot
29%

Score Distribution

Percentile by Number Answered

Percent of People with Each Score

Your Score History

You have not taken this quiz